000 00714cam a22002413a 4500
001 12833
003 PGUSA
005 20140828083258.0
008 040706s2004||||xxu|||||s|||||000 1 eng d
040 _aPGUSA
_beng
042 _adc
050 4 _aPS
100 1 _aAtherton, Gertrude Franklin Horn,
_d1857-1948
245 1 0 _aWhat Dreams May Come
_h[electronic resource] /
_cGertrude Franklin Horn Atherton
260 _bProject Gutenberg,
_c2004
506 _aPublic domain in the USA.
516 _aElectronic text
653 _aMan-woman relationships -- Fiction
653 _aNightmares -- Fiction
830 0 _aProject Gutenberg
_v12833
856 4 0 _uhttp://www.gutenberg.org/ebooks/12833
942 _cEB
999 _c242088
_d242088